| 000 | 00818nam a2200265 a 4500 | ||
|---|---|---|---|
| 001 | 000012627 | ||
| 005 | 20200929163041.0 | ||
| 008 | 091113s1984 sp 001 f spa d | ||
| 020 | _a8432082120 | ||
| 041 | 1 | 7 |
_aspa _heng _2Código de idioma MARC |
| 082 |
_a813.52 _bU76e |
||
| 100 | 1 |
_aUris, León, _d1924-2003. _929385 |
|
| 240 | 1 | 0 |
_aExodus, _lespañol |
| 245 | 1 | 0 |
_aExodo / _cLeón Uris ; traductor, Baldomero Porta Gou. |
| 260 |
_aBarcelona : _bPlaneta ; _bBruguera, _c1984. |
||
| 300 |
_a779 p. ; _c19 cm. |
||
| 490 | 1 |
_aBestsellers Planeta _v14 |
|
| 534 |
_pTítulo original en inglés: _tExodus |
||
| 650 | 4 |
_aNovela estadounidense _9262 |
|
| 650 | 4 |
_aLiteratura estadounidense _9263 |
|
| 830 | 0 |
_aBestsellers Planeta ; _v14 _911620 |
|
| 049 |
_aBNPHU _bspa _cBNPHU |
||
| 049 | _aBNGR | ||
| 999 |
_c12281 _d12281 |
||
| 040 | _aDO-SdBNP | ||